000
00399nam a2200145Ia 4500
008
090124s9999 xx 000 0 und d
082
_b
304011
245
_a
भंगलेले देऊळ
250
_a
1
260
_b
केळकर राजा
_c
2000
300
_a
123
630
_a
भंगलेले देऊळ
730
_a
भंगलेले देऊळ
942
_c
BOOK
999
_c
193648
_d
193648